000 00755nam a22002657a 4500
003 CHAP
005 20220329134427.0
008 971013s1985 r 00010 d
010 _a20349
011 _a21321
035 _a25411
040 _cCHAP
082 _a595.7025
_bD5
245 _aDirectory of systematists
260 _aOttawa :
_bThe Society,
_c1985
300 _a110 p.
590 _aBATCH-UPD
_b10
_c20130110
_lUCH01
_h2331
590 _aBATCH-UPD
_b10
_c20130410
_lUCH01
_h1620
590 _aBATCH-UPD
_b10
_c20130914
_lUCH01
_h1311
590 _aCONVERSION
_b10
_c20130109
_lUCH01
_h1312
650 1 4 _aEntomólogos
_xDirectorios.
_937157
901 _aBK
942 _cLIBRO
949 _a595.7025 D5
_bBC
_cC
_d33724000497467
_eC
_h69004
_i25411
_si
999 _c20349
_d20349